Sports Quiz

Random Sports or MLB Quiz

MLB Wins Leaders per Team (2000s) Quiz Stats

 Plays Quiz Updated Oct 4, 2018

Score 0/30 Timer 07:00
0 Plays Today
Team Pitcher % Correct
Arizona DiamondbacksRandy Johnson
95.1%
Toronto Blue JaysRoy Halladay
81.2%
Minnesota TwinsJohan Santana
77.8%
Cleveland IndiansC.C. Sabathia
76.8%
Atlanta BravesGreg Maddux
76.3%
Houston AstrosRoy Oswalt
74.9%
Oakland A'sBarry Zito
71.5%
Chicago CubsCarlos Zambrano
67%
New York YankeesMike Mussina
65%
Detroit TigersJustin Verlander
62.7%
Boston Red SoxTim Wakefield
62.4%
Chicago White SoxMark Buehrle
57.7%
Washington Nationals*Livan Hernandez
55%
San Diego PadresJake Peavy
55%
Kansas City RoyalsZack Greinke
54.2%
Team Pitcher % Correct
Los Angeles Angels of AnaheimJohn Lackey
52.1%
Seattle MarinersJamie Moyer
51%
Florida MarlinsDontrelle Willis
46.3%
Milwaukee BrewersBen Sheets
42.9%
Tampa Bay RaysScott Kazmir
37.2%
Cincinnati RedsAaron Harang
37.2%
Los Angeles DodgersDerek Lowe
30.3%
San Francisco GiantsJason Schmidt
27.9%
Texas RangersKenny Rogers
23.7%
Colorado RockiesAaron Cook
23.6%
Saint Louis CardinalsMatt Morris
23.5%
Philadelphia PhilliesBrett Myers
17.4%
Baltimore OriolesRodrigo Lopez
11.1%
New York MetsSteve Trachsel
10.1%
Pittsburgh PiratesJosh Fogg
6.4%

You're not logged in!

Compare scores with friends on all Sporcle quizzes.
OR
Log In

Sporcle TV

Today on Sporcle TV


Watch our educational content, quiz creation guides, and fun videos on Sporcle TV.

Show Comments

Extras

Top Quizzes Today


Score Distribution

Your Account Isn't Verified!

In order to create a playlist on Sporcle, you need to verify the email address you used during registration. Go to your Sporcle Settings to finish the process.

Report this User

Report this user for behavior that violates our Community Guidelines.

Details: